=LDR 00000nam 2200000 4500 =001 INLIS000000000018541 =005 20130612113719 =008 ***********************************ind** =035 ##$$0010-061300000018541 =041 ##$$a ind =082 ##$$a 639.2 =090 ##$$a 639.2, Fuj f =100 ##$$a Fujaya, Yushinta =245 ##$$a Fisiologi ikan, dasar pengembangan teknologi perikanan, Yushinta Fujaya =260 ##$$a 2004 $b Jakarta =300 ##$$a xi, 179 hlm, ilus, 21cm =650 ##$$a Perikanan =850 ##$$a NBPNMAT